000 00574nam a2200181Ia 4500
005 20260601193259.0
008 260601s9999||||xx |||||||||||||| ||und||
020 _a978-981-97-7737-2
_qebk
100 _aKazuhiko Minematsu
245 0 _aAdvances in Information and Computer Security
250 _a2024
260 _aHeidelberg, Germany
_bSpringer Nature
_c2024
440 _aLecture Notes in Computer Science
650 _aComputer Science
700 _aMamoru Mimura
856 _uhttps://link.springer.com/openurl?genre=book&isbn=978-981-97-7737-2
942 _cEB
_2ddc
999 _c56949
_d56949